| 000 | 00609nam a2200157 4500 | ||
|---|---|---|---|
| 001 | 1601 | ||
| 005 | 20181127163604.0 | ||
| 090 | 0 | 0 | _a342.07 F9817b 2008 |
| 110 |
_aElection Commission of Bhutan. _b _c _d _e _n _p |
||
| 245 | 0 | 0 |
_aDruk gi mewang chagthu ma neyel chayeg 2008 : _bPublic Election Fund Bill of the kingdom of Bhutan, 2008 / _cElection Commission of Bhutan. _h |
| 246 |
_aPublic election fund bill of the kingdom of Bhutan, 2008. _b _f _h _i _n _p |
||
| 260 | 0 | 0 |
_aThimphu : _bElection Commission of Bhutan, _c2008. |
| 300 | 0 | 0 | _a33, 39 p. |
| 500 | 0 | 0 | _aIn Dzongkha and English. |
| 650 | 0 | 0 |
_aElection law --Bhutan. _x |
| 999 |
_c1196 _d1196 |
||